00825 a2200217 4500010001400000020002600014035001300040037001600053082001100069090001700080100002100097245010200118260004500220270006300265300002300328500005800351700001900409942002600428999001700454952013600471 aENG-90008 a9780195696002c495.00 aEN-73541 bDBAD / PUB14a954.61 c12152d121521 aSagant, Philippe1 aThe dozing shaman:cby Philippe Sagant; translated by Nora B. Scottbthe limbus of Eastern Nepal/ aNew DelhibOxford University Pressc2008 aYMCA Library Building, Jai Singh RoadbNew Delhie110 001 a461p.c24cm (pbk) aIncludes glossary, bibliographical references & index aScott, Nora B. adplcENk954.61 / SAG c11798d11798 00102ddc40718NFICaDBADbDBADeDBAD/PUBg495.00l0o954.61 SAGpEN-73541r2008-09-15 00:00:00t1u12913v495.00w2008-09-15yEN